000 00519nam a2200205Ia 4500
001 44510
005 20240114003632.0
007 ta
008 090227s g b000 u 465 u
040 _aCotton College Assam
041 _a465
082 _a322.954
_bIn 2 Co
100 _aIndia, .
245 0 _aThe Constitutions of India /
_cIndia.
_hTextual Documents
300 _axviii,250p. ;
_c22 cm..
653 _aT/G-Political Science
942 _2ddc
_cBK
999 _c44476
_d44476